| Tag |
First Indicator |
Second Indicator |
Subfields |
| LEADER |
00000pam a2200000 a 4500 |
| 001 |
in00000091881 |
| 005 |
20151008064040.0 |
| 008 |
800507s1980 nyuaf 00100 engm |
| 010 |
|
|
|a 80015245
|
| 020 |
|
|
|a 0453010059 :
|c $12.95
|
| 035 |
|
|
|a (OCoLC)06355813
|
| 035 |
|
|
|9 AAK3429AM
|
| 040 |
|
|
|a DLC
|c DLC
|d m.c.
|d TXA
|d UtOrBLW
|
| 049 |
|
|
|a TXAM
|c [387640]
|
| 050 |
0 |
0 |
|a RM222.2
|b .W323
|
| 082 |
0 |
|
|a 641.5/635
|
| 245 |
0 |
0 |
|a Weight Watchers party & holiday cookbook /
|c [designed by Julian Hamer].
|
| 264 |
|
1 |
|a New York, N.Y. :
|b New American Library,
|c 1980.
|
| 300 |
|
|
|a ix, 374 pages, 16 unnumbered pages of plates :
|b illustrations (some color) ;
|c 24 cm.
|
| 336 |
|
|
|a text
|b txt
|2 rdacontent
|
| 337 |
|
|
|a unmediated
|b n
|2 rdamedia
|
| 338 |
|
|
|a volume
|b nc
|2 rdacarrier
|
| 500 |
|
|
|a Includes index.
|
| 610 |
2 |
0 |
|a Weight Watchers International.
|
| 650 |
|
0 |
|a Reducing diets
|v Recipes.
|
| 710 |
2 |
|
|a Weight Watchers International.
|
| 740 |
0 |
|
|a Party and holiday cookbook.
|
| 999 |
|
|
|a MARS
|
| 999 |
f |
f |
|s 89164e22-a05f-34b2-b6ef-a006f681a2e9
|i 9f4c294a-7fa3-3162-94c2-05e8bfcb2b74
|t 0
|
| 952 |
f |
f |
|p ric
|a Texas A&M University
|b Rellis Campus
|c Joint Library Facility
|d Remote Storage
|t 0
|e RM222.2 .W323
|h Library of Congress classification
|i unmediated -- volume
|m A14806232725
|
| 998 |
f |
f |
|a RM222.2 .W323
|t 0
|l Remote Storage
|